Top 10 Aston Villa Premier League Scorers - Statistics

General Stats
  • This quiz has been taken 245 times
    184 since last reset
  • The average score is 5 of 10
Answer Stats
Player Goals % Correct
Ollie Watkins 75
88%
Gabby Agbonlahor 74
80%
Christian Benteke 42
66%
Dwight Yorke 60
58%
Dion Dublin 48
47%
Juan Pablo Ángel 44
47%
John Carew 37
44%
Gareth Barry 41
43%
Dean Saunders 37
25%
Julian Joachim 39
20%
No matching quizzes found
Score Distribution
Percent of People with Each Score
Percentile by Number Answered
Your Score History
You have not taken this quiz since the last reset